| 000 | 00359nam a22001217a 4500 | ||
|---|---|---|---|
| 008 | 230602b xxu||||| |||| 00| 0 eng d | ||
| 082 |
_a304.6096762 _bKEN |
||
| 100 | _cCentral Bureau of statistics | ||
| 245 |
_aAnalytical report on Education _bvolume viii _ckenya 1999 population and housing census |
||
| 260 | _aNairobi, kenya | ||
| 300 | _a85p | ||
| 942 |
_2ddc _cBK |
||
| 999 |
_c156 _d156 |
||